000 00439nam a22001697a 4500
005 20180201153527.0
008 160426b xxu||||| |||| 00| 0 eng d
020 _a978-81-315-0266-2
041 _aeng
082 _b00176
_a004
100 _aMorley, Deborah and parker charles s.
_94042
245 _aUnderstanding Computers
250 _a11th ed.
260 _aNew Delhi
_bCenage Learning (I) Pvt Ltd.
_c2008
300 _a407
942 _cBK
999 _c55
_d55